000
00242nam a2200097Ia 4500
008
190216s9999||||xx |||||||||||||| ||und||
100
_a
John V.V &daniel P A
245
0
_a
Practical Physics
260
_b
Co-Operative Publishers
942
_c
BK
999
_c
32648
_d
32648